000 00550nam a22001817a 4500
003 UA-OsUOA
001 8494
007 ta
008 20040927b un ||||| |||| 00| 0 ukr d
100 _aОлійник О . В .
942 _cSA
040 _aUA-OsUOA
_cUA-OsUOA
_dUA-OsUOA
245 _aФінансовий лізинг в АПК : проблеми та шляхи вирішення
300 _aС.66 - 73
955 _a0
773 0 _w0
_tФінанси України
_dКиїв
_d2004
_g№9
650 7 _aЛізинг фінансовий
_2UDC
999 _c294655
_d294655